LEADER 01045nam0-22003371i-450- 001 990001324910403321 010 $a0-521-49834-1 035 $a000132491 035 $aFED01000132491 035 $a(Aleph)000132491FED01 035 $a000132491 100 $a20000920d1995----km-y0itay50------ba 101 0 $aeng 200 1 $aArithmetic of diagonal hypersurfaces over finite fields$fFernando Q. Gouvea, Noriko Yui. 210 $aNew York$cCambridge University Press$dc1995. 215 $axi, 168 p.$d24 cm 225 1 $aLondon Mathematical Society lecture note series$v209 610 0 $aGeometria algebrica aritmetica 610 0 $aVarieta algebriche su campi finiti 676 $a516.353 700 1$aGouvêa,$bFernando Q.$0382239 702 1$aYui,$bNoriko 801 0$aIT$bUNINA$gRICA$2UNIMARC 901 $aBK 912 $a990001324910403321 952 $aC-9-(209$b13920$fMA1 959 $aMA1 962 $a11GXX 996 $aArithmetic of diagonal hypersurfaces over finite fields$9382848 997 $aUNINA DB $aING01 LEADER 01521nas 2200505-a 450 001 996216931603316 005 20230222213018.0 011 $a1469-9664 035 $a(DE-599)ZDB2002907-X 035 $a(OCoLC)608307930 035 $a(CKB)954925278574 035 $a(CONSER)--2018207054 035 $a(EXLCZ)99954925278574 100 $a20100420a19969999 --- a 101 0 $aeng 135 $aurbn||||||abp 135 $aurbn||||||ada 181 $ctxt$2rdacontent 182 $cc$2rdamedia 183 $acr$2rdacarrier 200 00$aJournal of urban design 210 $aAbingdon, Oxfordshire $cCarfax$d1996- 210 31$aAbingdon, Oxfordshire :$cRoutledge, Taylor & Francis Group 215 $a1 online resource 300 $aRefereed/Peer-reviewed 311 1 $aJournal of urban design 1357-4809 606 $aCity planning$vPeriodicals 606 $aArchitectural design$vPeriodicals 606 $aUrbanisme$vPériodiques 606 $aDesign architectural$vPériodiques 606 $aArchitectural design$2fast$3(OCoLC)fst00813184 606 $aCity planning$2fast$3(OCoLC)fst00862177 608 $aPeriodicals.$2fast 610 $aArchitecture 615 0$aCity planning 615 0$aArchitectural design 615 6$aUrbanisme 615 6$aDesign architectural 615 7$aArchitectural design. 615 7$aCity planning. 676 $a307.121605 906 $aJOURNAL 912 $a996216931603316 996 $aJournal of urban design$92171127 997 $aUNISA